000 01189nam a22003497a 4500
003 CHAP
005 20220817042939.0
008 971013s1981 br r 00010 spa d
010 _a60884
011 _a61856
035 _a66024
040 _cCHAP
082 0 4 _a633.2
_bE56
110 2 _aEmpresa Brasileira de Pesquisa Agropecuaria
245 1 _aBibliografía sinalética sobre forrajeiras de regioes semi-Sáridas
260 _aBrasilia, D.F. :
_bEMBRAPA,
_c1981
300 _av.
500 _aLa biblioteca tiene: v.1 Capim buffel
590 _aBATCH-UPD
_b10
_c20130110
_lUCH01
_h0039
590 _aBATCH-UPD
_b10
_c20130110
_lUCH01
_h0648
590 _aBATCH-UPD
_b10
_c20130410
_lUCH01
_h0333
590 _aBATCH-UPD
_b10
_c20130914
_lUCH01
_h1407
590 _aCONVERSION
_b10
_c20130109
_lUCH01
_h1333
650 1 4 _aPlantas forrajeras
_xBibliografía.
_988946
650 1 4 _aZacate Buffel.
_9123395
700 0 _aFilho, Orlando Monteiro de Carvalho.
_940866
700 0 _aLuz, Maria Cira Padilha da.
_969251
700 0 _aSilva, Celia María Maganhotto de Souza.
_9106062
901 _aBK
942 _cLIBRO
949 _a633.2 E56
_bBC
_cC
_d33724002200967
_eC
_fv.1
_h62298
_i66024
_si
999 _c60884
_d60884